| 000 | 00525nam a22001817a 4500 | ||
|---|---|---|---|
| 005 | 20231031105933.0 | ||
| 008 | 231031b |||||||| |||| 00| 0 eng d | ||
| 020 | _a9780409123906 | ||
| 041 | _aEnglish | ||
| 082 | _a346.7 BUS | ||
| 100 |
_aNagel CJ et al. _lEnglish |
||
| 245 |
_aBusiness Law / _cCJ Nagel et al. |
||
| 250 | _a5th Edition | ||
| 260 |
_aDurban : _bLexisNexis (Pty) Ltd, _c2015 |
||
| 300 |
_bviii, 564 pages ; _c25 cm. |
||
| 650 |
_alegal practice _bLaw |
||
| 942 |
_cBK _6ALISON_BN_VRIES |
||
| 999 |
_c182 _d182 |
||